000 00512nam a2200169Ia 4500
999 _c24898
_d24898
003 OSt
005 20201124121105.0
008 190216s9999||||xx |||||||||||||| ||und||
040 _coclc
082 _a920
_bNEH/O
100 _aNehru, Jawaharlal
_93188
245 0 _aOrachan Magalkayacha Kathukal /
_cJawaharlal Nehru
260 _bMathrubhumi Printing And publishing,
_aKozhikode:
_c1950.
300 _a105p
650 _aMalayalam Charithram
942 _cBK
_2ddc
_h920
_iNEH/O
_k920
_mNEH/O